1755 1726 1844 1183 1169 1738 1167 1390 1309 1529 1373 1444 1452 1939 1906 1301 1962 1043 1800 1000 1780 1949 1985 1105 1911 1485 1072 1764 1647 1398 1146 1212 1726 1914 1483 1495 1653 1210 1783 1930 1950 1979 1342 1548 1443 1541 1645 1698 1009 1897 1525 1756 1835 1814 1280 1311 1157 1253 1031 1489 1747 1064 1784 1762 1373 1286 1049 1075 1006 1502 1633 1518 1103 1291 1572 1610 1812 1710 1436 1389 1129 1707 1716 1063 1673 1009 1379 1096 1298 1618 1168 1188 1901 1575 1369 1145 1639 1677 1636 BCNSPRNW ULIB Ver.6.0+V

เปลี่ยนเป็นภาษาไทย

Change to English
 แสดงรายละเอียดบรรณานุกรม
  กลับหน้าหลัก

Brief Record : Get Marc (ISO 2709) : E-mail record : QR code < ปิดหน้าต่าง
LEADER : 00000nam 2200000uu 4500
001    13399113396
003     ULIB
008    111110s2552||||th 000 0 tha d
020    9789746607964
060 04 QZ4^bล461พ
245 00 พยาธิสรีรวิทยาทางการพยาบาล /^cโดย ลิวรรณ อุนนาภิรักษ์ ...[และคนอื่น ๆ]
250    พิมพ์ครั้งที่ 8
260    [กรุงเทพฯ] :^bภาควิชาการพยาบาลรากฐาน คณะพยาบาลศาสตร์มหาวิทยาลัยมหิดล,^c2552
300    [4], 471 หน้า :^bภาพประกอบ ;^c26 ซม.
650  7 การพยาบาล
650  7 เซลล์วิทยา
650  7 พยาธิวิทยา
650  7 สรีรวิทยา
700 0  ลิวรรณ อุนนาภิรักษ์
710 2  มหาวิทยาลัยมหิดล. ^bคณะพยาบาลศาสตร์.^bภาควิชาการพยาบาลรากฐาน
945    ^p0^l0^i16127
945    ^p0^l0^i16695
945    ^p0^l0^i17895
945    ^p0^l0^i17923
995    กัณชพร
999    ^aใช้งานได้ทุกระบบ
รายการนี้ยังไม่มีแท็ก
คุณยังไม่ได้ล็อกอิน คุณสามารถมีกิจกรรมร่วมกับเว็บไซต์ได้ แต่ต้องล็อกอินก่อน ::
  ล็อกอิน

รายการสื่อสารสนเทศ

ลำดับที่ ประเภท เลขเรียก/บาร์โค้ด สถานที่ สถานะ
- ไม่พบข้อมูล -

รายการใกล้เคียง
    หัวเรื่อง [การพยาบาล]
    หัวเรื่อง [เซลล์วิทยา]
    หัวเรื่อง [พยาธิวิทยา]
    หัวเรื่อง [สรีรวิทยา]

BibComment


ยังไม่เคยถูกคอมเมนท์

คอมเมนท์ทรัพยากรรายการนี้
  คอมเมนท์: พยาธิสรีรวิทยาทาง..


 Copyright 2026. Bcnsprnw @Library